000 00377nam a2200145 i 4500
001 bg
100 1 _aMAZIARZ, Czesław
245 0 _aZagadnienia metodologii podręcznika akademickiego /
_cCz. Maziarz, E. Widota.
260 _aWarszawa,
_c1985.
700 1 _aWIDOTA, Elżbieta
040 _cBPK
041 _apol
942 _cKS
008 s pl f |000 0 pol
999 _c28420
_d28420
856 _uhttp://koha.tu.koszalin.pl/cgi-bin/koha/opac-detail.pl?biblionumber=28420
_yKatalog online BPK